Loading...
| History - Other | 0 | 6 | 0 | 0 | 60 | 55 | 82.83 | 3 | 3 | 0.00 | 0.00 |
| History - European | 0 | 5 | 1 | 0 | 45 | 49 | 78.60 | 1 | 3 | 0.00 | 0.00 |
| Religion | 0 | 4 | 0 | 0 | 40 | 87 | 101.75 | 0 | 2 | 0.00 | 0.00 |
| History - American | 0 | 4 | 1 | 1 | 35 | 46 | 79.75 | 1 | 3 | 0.00 | 0.00 |
| Science - Biology | 0 | 3 | 0 | 0 | 30 | 53 | 63.33 | 2 | 3 | 0.00 | 0.00 |
| Geography | 0 | 2 | 0 | 1 | 20 | 66 | 86.50 | 1 | 1 | 0.00 | 0.00 |
| Philosophy | 0 | 1 | 0 | 1 | 10 | 122 | 122.00 | 0 | 0 | 0.00 | 0.00 |
| Science - Chemistry | 0 | 1 | 0 | 0 | 10 | 47 | 47.00 | 1 | 1 | 0.00 | 0.00 |
| Fine Arts - Other | 0 | 1 | 0 | 0 | 10 | 124 | 124.00 | 0 | 1 | 0.00 | 0.00 |
| Literature - American | 0 | 1 | 0 | 0 | 10 | 38 | 38.00 | 1 | 1 | 0.00 | 0.00 |
| Literature - British | 0 | 1 | 0 | 0 | 10 | 111 | 111.00 | 0 | 0 | 0.00 | 0.00 |
| Literature - World | 0 | 1 | 0 | 0 | 10 | 85 | 85.00 | 1 | 1 | 0.00 | 0.00 |
| Mythology | 0 | 1 | 0 | 0 | 10 | 90 | 90.00 | 1 | 1 | 0.00 | 0.00 |
| Current Events | 0 | 1 | 0 | 0 | 10 | 33 | 33.00 | 0 | 1 | 0.00 | 0.00 |
| History - World | 0 | 2 | 3 | 1 | 5 | 83 | 106.50 | 1 | 1 | 0.00 | 0.00 |